Quizzes
Events
Quiz Creation
Community
Videos
Private Events
Remove Ads
Sign In
Join for FREE
Feedback
Dark Mode
Quiz Categories
Sports
Geography
Music
Movies
Television
Just For Fun
Miscellaneous
History
Literature
Language
Science
Gaming
Entertainment
Religion
Holiday
For Kids
Quiz Lab
Recent
Popular Today
Quiz Kudos Today
Editor Picks
Curator Picks
Quizzes by...
Day
Popularity
Type
Ratings
Length
Year
Community
Subscriptions
Recent Discussions
Orange Saloon
Badges
Playlists
Quests
Create
Leaderboards
Showdown
Live 5
Trivia Bingo
Activity
Puzzle Library
Sporcle Events
Private Events
Virtual Trivia
Globe League
Become a Host
Pub Owners
SporcleCon
Opinionation
Our Games
Videos
Blog
Mobile Apps
Partnerships
Remove Ads and Go Orange
Feedback
Gaming
Video Games
Board Games
Card Games
Pokémon
Mario
Nintendo
Minecraft
Console
Toys
Legend of Zelda
Gaming
Video Games
Board Games
Card Games
Pokémon
Mario
Nintendo
Minecraft
Console
Toys
Legend of Zelda
Random Quiz
Search Sporcle
×
Quiz Lab
Quiz Lab
Gaming
Nintendo
Type in answers that appear in a list
Type in answers that appear in a list
Classic
Best Score? Go Orange.
All Sonic Zones Stats
Can you name all the zones from the Sonic series?
By
Shadowman621
20m
292 Questions
362 Plays
362 Plays
362 Plays
Comments
Comments
Give Quiz Kudos
Give Quiz Kudos
-
- Ratings
hide this ad
Replay
Link that replays current quiz
Next Quiz
Link to next quiz in quiz playlist
You Got
0%
They Got
Avg Score
26%
Avg Friend Score
Upgrade to see
Score Distribution
Jump to the score distribution portion of the page
Score
0/292
Timer
20:00
0
Plays Today
Game
% Correct
Sonic Generations (HD)
Green Hill
98.9%
Sonic Generations (3DS)
Green Hill
98.9%
Sonic Mania
Green Hill
98.9%
Sonic Forces
Green Hill
98.9%
Sonic the Hedgehog (8 bit)
Green Hill
97.5%
Sonic the Hedgehog (16 bit)
Green Hill
97.5%
Sonic Blast
Green Hill
97.5%
Sonic Advance
Angel Island
91.3%
Sonic the Hedgehog (16 bit)
Marble
90.3%
Sonic Generations (HD)
Chemical Plant
90.2%
Sonic Mania
Hydrocity
90.2%
Sonic Mania
Chemical Plant
90.2%
Sonic Forces
Chemical Plant
90.2%
Sonic Adventure
Icecap
89.1%
Sonic Generations (3DS)
Mushroom Hill
88%
Sonic Forces
Death Egg
88%
Sonic Generations (HD)
Sky Sanctuary
87%
Sonic Generations (3DS)
Casino Night
87%
Sonic Pocket Adventure
Sky Chase
85.9%
Sonic Mania
Stardust Speedway
85.9%
Sonic Mania
Metallic Madness
85.9%
Sonic Mania
Lava Reef
85.9%
Sonic Mania
Oil Ocean
85.9%
Sonic the Hedgehog (8 bit)
Scrap Brain
85.4%
Sonic the Hedgehog (16 bit)
Scrap Brain
85.4%
Sonic the Hedgehog 2 (16 bit)
Emerald Hill
85.1%
Sonic Mania
Flying Battery
84.8%
Sonic the Hedgehog (8 bit)
Labyrinth
84.5%
Sonic the Hedgehog (16 bit)
Labyrinth
84.5%
Sonic the Hedgehog 2 (16 bit)
Chemical Plant
84.5%
Sonic the Hedgehog (16 bit)
Final
83.7%
Sonic 3D Blast
Final Fight
83.7%
Sonic Adventure
Emerald Coast
83.7%
Sonic Generations (3DS)
Emerald Coast
83.7%
Sonic Adventure 2
City Escape
82.6%
Sonic Generations (HD)
City Escape
82.6%
Sonic the Hedgehog (16 bit)
Spring Yard
82%
Sonic the Hedgehog 2 (16 bit)
Death Egg
82%
Sonic the Hedgehog 3 & Knuckles
Death Egg
82%
Sonic the Hedgehog 2 (16 bit)
Casino Night
81.8%
Sonic Adventure
Speed Highway
81.5%
Sonic Generations (HD)
Speed Highway
81.5%
Sonic the Hedgehog (16 bit)
Star Light
81.5%
Sonic the Hedgehog 3 & Knuckles
Angel Island
81.5%
Sonic the Hedgehog 2 (16 bit)
Metropolis
78.5%
Sonic the Hedgehog 3 & Knuckles
Mushroom Hill
78.5%
Sonic the Hedgehog 3 & Knuckles
Hydrocity
78.2%
Sonic the Hedgehog 2 (16 bit)
Oil Ocean
77.9%
Sonic the Hedgehog 2 (16 bit)
Hill Top
77.6%
Sonic Adventure
Casinopolis
77.2%
Sonic Heroes
Seaside Hill
77.2%
Sonic Generations (HD)
Seaside Hill
77.2%
Sonic the Hedgehog 2 (16 bit)
Aquatic Ruin
77.1%
Sonic the Hedgehog 2 (16 bit)
Sky Chase
76.8%
Sonic the Hedgehog 3 & Knuckles
Icecap
76.2%
Sonic the Hedgehog 06
Crisis City
76.1%
Sonic Generations (HD)
Crisis City
76.1%
Sonic the Hedgehog 3 & Knuckles
Flying Battery
75.1%
Sonic Adventure
Windy Valley
75%
Sonic the Hedgehog 2 (16 bit)
Mystic Cave
74.9%
Sonic Colors
Planet Wisp
73.9%
Sonic Generations (HD)
Planet Wisp
73.9%
Sonic the Hedgehog 2 (16 bit)
Wing Fortress
73.2%
Sonic the Hedgehog 3 & Knuckles
Marble Garden
73.2%
Sonic the Hedgehog 3 & Knuckles
Carnival Night
73.2%
Sonic the Hedgehog 3 & Knuckles
Lava Reef
73.2%
Sonic Unleashed
Rooftop Run
72.8%
Sonic Generations (HD)
Rooftop Run
72.8%
Sonic the Hedgehog 3 & Knuckles
Launch Base
72.4%
Sonic the Hedgehog 3 & Knuckles
Sandopolis
72.1%
Sonic Adventure 2
Pumpkin Hill
71.7%
Sonic Adventure 2
Radical Highway
71.7%
Sonic Generations (3DS)
Radical Highway
71.7%
Sonic the Hedgehog 3 & Knuckles
Hidden Palace
71%
Sonic the Hedgehog 3 & Knuckles
Doomsday
70.7%
Sonic Advance
Neo Green Hill
70.7%
Sonic the Hedgehog 3 & Knuckles
Sky Sanctuary
70.4%
Sonic CD
Palmtree Panic
69.9%
Sonic Mania
Studiopolis
69.6%
Sonic Mania
Press Garden
69.6%
Sonic Adventure
Twinkle Park
68.5%
Sonic Lost World
Windy Hill
68.5%
Sonic Unleashed
Eggmanland
67.4%
Sonic Colors
Sweet Mountain
67.4%
Sonic Adventure
Red Mountain
66.3%
Sonic Adventure
Final Egg
66.3%
Sonic Colors
Tropical Resort
66.3%
Sonic Generations (3DS)
Tropical Resort
66.3%
Sonic Mania
Mirage Saloon
66.3%
Sonic Mania
Titanic Monarch
66.3%
Sonic CD
Stardust Speedway
65.7%
Sonic the Hedgehog (8 bit)
Bridge
65.5%
Sonic Adventure 2
Metal Harbor
65.2%
Sonic the Hedgehog 4: Episode I
Splash Hill
65.2%
Sonic the Hedgehog (8 bit)
Jungle
64.9%
Sonic Adventure 2
Green Forest
64.1%
Sonic Heroes
Ocean Palace
64.1%
Sonic Heroes
Casino Park
64.1%
Game
% Correct
Sonic the Hedgehog 06
Wave Ocean
64.1%
Sonic Unleashed
Windmill Isle
64.1%
Sonic Colors
Asteroid Coaster
64.1%
Sonic CD
Wacky Workbench
63.8%
Sonic Adventure 2
Final Rush
63%
Sonic Adventure 2
Sky Rail
63%
Sonic CD
Collision Chaos
62.2%
Sonic Heroes
Grand Metropolis
62%
Sonic Heroes
Frog Forest
62%
Sonic Heroes
Egg Fleet
62%
Sonic Heroes
Final Fortress
62%
Sonic Advance 3
Route 99
62%
Sonic Rush
Water Palace
62%
Sonic Generations (3DS)
Water Palace
62%
Sonic CD
Metallic Madness
61.9%
Sonic CD
Tidal Tempest
61%
Sonic Adventure
Hot Shelter
60.9%
Sonic Heroes
Rail Canyon
60.9%
Sonic Heroes
Mystic Mansion
60.9%
Sonic Colors
Aquarium Park
60.9%
Sonic CD
Quartz Quadrant
59.9%
Sonic Adventure
Lost World
59.8%
Sonic Adventure 2
Mad Space
59.8%
Sonic Heroes
Bingo Highway
59.8%
Sonic Unleashed
Dragon Road
59.8%
Sonic Unleashed
Cool Edge
59.8%
Sonic Unleashed
Arid Sands
59.8%
Sonic Unleashed
Jungle Joyride
59.8%
Sonic Colors
Starlight Carnival
59.8%
Sonic Colors
Terminal Velocity
59.8%
Sonic Adventure 2
White Jungle
58.7%
Sonic Heroes
Power Plant
58.7%
Sonic the Hedgehog 06
Kingdom Valley
58.7%
Sonic Unleashed
Skyscraper Scamper
58.7%
Sonic Adventure 2
Final Chase
57.6%
Sonic Unleashed
Savannah Citadel
57.6%
Sonic Adventure 2
Aquatic Mine
56.5%
Sonic Adventure 2
Route 101
56.5%
Sonic Adventure 2
Hidden Base
56.5%
Sonic Heroes
Hang Castle
56.5%
Sonic Advance 3
Sunset Hill
56.5%
Sonic Mania
Egg Reverie
56.5%
Sonic Adventure
Sky Deck
55.4%
Sonic Adventure 2
Prison Lane
55.4%
Sonic Adventure 2
Mission Street
55.4%
Sonic Adventure 2
Pyramid Cave
55.4%
Sonic Adventure 2
Meteor Herd
54.3%
Sonic Adventure 2
Crazy Gadget
54.3%
Sonic Adventure 2
Cannon's Core
54.3%
Sonic Heroes
Bullet Station
54.3%
Sonic the Hedgehog 06
End of the World
54.3%
Sonic the Hedgehog 2 (8 bit)
Underground
54.1%
Sonic the Hedgehog 2 (8 bit)
Green Hills
53.9%
Sonic 3D Blast
Green Grove
53.6%
Sonic Adventure 2
Security Hall
53.3%
Sonic Heroes
Lost Jungle
53.3%
Sonic the Hedgehog 06
White Acropolis
53.3%
Sonic Adventure 2
Wild Canyon
52.2%
Sonic Adventure 2
Death Chamber
52.2%
Sonic Adventure 2
Dry Lagoon
52.2%
Sonic Advance 2
Music Plant
52.2%
Sonic Rush
Leaf Storm
52.2%
Sonic the Hedgehog 06
Radical Train
52.2%
Sonic the Hedgehog 06
Aquatic Base
52.2%
Sonic the Hedgehog (8 bit)
Sky Base
51.7%
Sonic Adventure 2
Route 280
51.1%
Sonic Rush
Night Carnival
51.1%
Sonic the Hedgehog 06
Dusty Desert
51.1%
Sonic the Hedgehog 06
Tropical Jungle
50%
Sonic the Hedgehog 4: Episode I
Lost Labyrinth
50%
Sonic Superstars
Speed Jungle
50%
Sonic Superstars
Egg Fortress
50%
Sonic the Hedgehog 4: Episode I
Casino Street
48.9%
Sonic the Hedgehog 4: Episode I
Mad Gear
48.9%
Sonic Superstars
Bridge Island
47.9%
Sonic the Hedgehog 06
Flame Core
47.8%
Sonic 3D Blast
Panic Puppet
47.8%
Sonic 3D Blast
Rusty Ruin
47%
Sonic the Hedgehog 4: Episode II
White Park
46.7%
Sonic 3D Blast
Diamond Dust
46.4%
Sonic the Hedgehog 2 (8 bit)
Sky High
45.9%
Sonic Superstars
Sand Sanctuary
45.8%
Sonic Rush
Dead Line
45.7%
Sonic Rush Adventure
Plant Kingdom
45.7%
Sonic Rush Adventure
Sky Babylon
45.7%
Sonic the Hedgehog 4: Episode II
Death Egg Mk II
45.7%
Sonic Forces
Ghost Town
45.7%
Sonic Chaos
Turquoise Hill
45.6%
Sonic Chaos
Mecha Green Hill
45.3%
Sonic the Hedgehog 2 (8 bit)
Crystal Egg
44.8%
Sonic Adventure 2
Sand Ocean
44.6%
Sonic Advance
Secret Base
44.6%
Sonic Advance 2
Leaf Forest
44.6%
Sonic Advance 3
Toy Kingdom
44.6%
Sonic Forces
Lost Valley
44.6%
Sonic 3D Blast
Spring Stadium
44.2%
Sonic the Hedgehog 2 (8 bit)
Scrambled Egg
43.9%
Sonic Superstars
Pinball Carnival
43.8%
Game
% Correct
Sonic Adventure 2
Eternal Engine
43.5%
Sonic Adventure 2
Iron Gate
43.5%
Sonic Adventure 2
Weapons Bed
43.5%
Sonic Advance
X
43.5%
Sonic Advance 2
XX
43.5%
Sonic Rush
Mirage Road
43.5%
Sonic Rush
Altitude Limit
43.5%
Sonic Blast
Yellow Desert
42.5%
Sonic Adventure 2
Lost Colony
42.4%
Sonic 3D Blast
Volcano Valley
42%
Sonic Superstars
Golden Capital
41.7%
Sonic the Hedgehog Triple Trouble
Sunset Park
41.2%
Sonic 3D Blast
Gene Gadget
41.2%
Sonic Blast
Red Volcano
40.6%
Sonic Adventure 2
Cosmic Wall
40.2%
Sonic Lost World
Frozen Factory
40.2%
Sonic Forces
Sunset Heights
40.2%
Sonic Superstars
Sky Temple
39.6%
Sonic the Hedgehog Triple Trouble
Robotnik Winter
39.5%
Sonic Rush
Huge Crisis
39.1%
Sonic Rush Adventure
Machine Labyrinth
39.1%
Sonic the Hedgehog 4: Episode II
Sylvania Castle
39.1%
Sonic Forces
Arsenal Pyramid
39.1%
Sonic the Hedgehog 2 (8 bit)
Gimmick Mt.
38.7%
Sonic Blast
Silver Castle
38.1%
Sonic Rush Adventure
Haunted Ship
38%
Sonic the Hedgehog 4: Episode II
Oil Desert
38%
Sonic the Hedgehog 2 (8 bit)
Aqua Lake
37%
Sonic the Hedgehog Triple Trouble
Great Turquoise
37%
Sonic Adventure 2
Egg Quarters
37%
Sonic Advance 2
Ice Paradise
37%
Sonic Rush Adventure
Coral Cave
37%
Sonic the Hedgehog Triple Trouble
Meta Junglira
36.5%
Sonic Blast
Blue Marine
36.5%
Sonic the Hedgehog 4: Episode II
Sky Fortress
35.9%
Sonic Lost World
Tropical Coast
35.9%
Sonic Lost World
Lava Mountain
35.9%
Sonic Forces
Null Space
35.9%
Sonic Chaos
Sleeping Egg
35.6%
Sonic Chaos
Gigalopolis
35.4%
Sonic Chaos
Electric Egg
35.1%
Sonic Lost World
Sky Road
34.8%
Sonic Forces
Egg Gate
34.8%
Sonic the Hedgehog Triple Trouble
Atomic Destroyer
33.7%
Sonic Advance
Casino Paradise
33.7%
Sonic Rush
Unknown
33.7%
Sonic Rush
Exception
33.7%
Sonic Lost World
Desert Ruins
33.7%
Sonic Superstars
Frozen Base
33.3%
Sonic the Hedgehog 4: Episode I
EGG Station
32.6%
Sonic Lost World
Silent Forest
32.6%
Sonic Forces
Network Terminal
32.6%
Sonic Forces
Final Judgement
32.6%
Sonic the Hedgehog Triple Trouble
Tidal Plant
32.3%
Sonic Pocket Adventure
Neo South Island
31.5%
Sonic Advance
The Moon
31.5%
Sonic Advance 2
Techno Base
31.5%
Sonic Chaos
Aqua Planet
31.5%
Sonic Superstars
Lagoon City
31.3%
Sonic Superstars
Press Factory
31.3%
Sonic Advance
Ice Mountain
30.4%
Sonic Advance 2
Hot Crater
30.4%
Sonic Forces
Luminous Forest
30.4%
Sonic Advance 3
Twinkle Snow
29.3%
Sonic Advance 3
Chaos Angel
29.3%
Sonic Forces
Metropolitan Highway
29.3%
Sonic Superstars
Cyber Station
29.2%
Sonic Forces
Mortar Canyon
28.3%
Sonic Pocket Adventure
Last Utopia
27.2%
Sonic Advance 2
True Area 53
27.2%
Sonic Advance 3
Nonaggression
27.2%
Sonic Forces
Spaceport
27.2%
Sonic Forces
Casino Forest
27.2%
Sonic Pocket Adventure
Secret Plant
26.1%
Sonic Rush Adventure
Pirates' Hideout
26.1%
Sonic Pocket Adventure
Gigantic Angel
25%
Sonic Advance
Egg Rocket
25%
Sonic Advance
Cosmic Angel
25%
Sonic Rush Adventure
Blizzard Peaks
25%
Sonic Forces
Aqua Road
25%
Sonic Pocket Adventure
Aerobase
23.9%
Sonic Forces
Guardian Rock
22.8%
Sonic Pocket Adventure
Aquatic Relix
21.7%
Sonic Advance 3
Altar Emerald
20.7%
Sonic Forces
Iron Fortress
20.7%
Sonic Advance 2
Sky Canyon
19.6%
Sonic Advance 2
Egg Utopia
19.6%
Sonic Advance 3
Cyber Track
19.6%
Sonic Forces
Prison Hall
19.6%
Sonic Pocket Adventure
Cosmic Casino
18.5%
Sonic Advance 3
Ocean Base
18.5%
Sonic Forces
Park Avenue
18.5%
Sonic Forces
Red Gate Bridge
18.5%
Sonic Pocket Adventure
Chaotic Space
16.3%
Sonic Forces
Capital City
13%
Sonic Forces
Imperial Tower
13%
Quiz Playlist
Details
Report
Send in Message
Add To Playlist
Classic:
Type in answers that appear in a list
Quiz Source
Last Updated: Sep 14, 2022
Quiz Scoreboard
CHALLENGE
Sign Up to Join the Scoreboard
Show All
Scores
Hide
Comments
May contain spoilers
Recently Published
Presidents Visiting Landmarks
by Hejman
History
7m
An Introduction to Baseball
by treessimontrees
Sports
5m
Movies - When Are They Set?
by FPL_Elf
Movies
5m
More to Explore
Quiz From the Vault
Featured Blog Post
Where Did the Easter Bunny Come From?
hide this ad
You Might Also Like...
Tags
Board Games Quiz
Nintendo Quiz
classic
Classic Sonic
sonic
Zone
Today's Top Quizzes in Gaming
Browse Gaming
hide this ad
Today's Top Quizzes in Nintendo
Browse Nintendo
Top Contributed Quizzes in Gaming
1
5-to-1: Consoles
2
Destiny 2 exotic weapons by perk icons
3
7-to-1: Board Game Piece Blitz
4
5-to-1: Legend of Zelda
5
Ultimate Genshin Impact Logic Puzzle (up to 4.3)
6
Franchise by Action Figure
7
Overwatch Logic Puzzle
8
Who's on the WWE 2K24 Cover?
9
Genshin Impact Logic Puzzle Quiz
10
Windmill: Pokémon
Explore More
Trending Topics
Kpop
Disney
Anime
Marvel
NBA
Harry Potter
Crossword
The Office
Soccer
Country
Song
Pokémon
NFL
Puzzle
WWE
hide this ad
More By:
Shadowman621
Quiz
Plays
Rating
Category
Featured
Created
Figure Out the Beatles Lyrics XIV
68,391
4.52
Music
Jan 8, 2010
Beatles Songs (All Albums)
25,423
4.73
Music
May 5, 2011
Thomas The Tank Engine Characters
6,613
4.00
Television
Nov 5, 2009
Beatles songs opening lyrics
3,549
4.48
Music
Jan 15, 2010
Beatles Lyrics V
3,508
4.46
Music
Mar 8, 2010
Go to Creator's Profile
Score Distribution
Quiz Creator Spotlight
Shadowman621
Follow
Send a Message
Quizzes Created
-
Created Quiz Play Count
-
More By This Creator
Popular Quizzes Today
1
Find the US States - No Outlines Minefield
2
Find the Countries of Europe - No Outlines Minefield
3
The Countries of the World
4
Find the US States
5
Popular People in 1961
6
US States
7
Risky Map Clicking: Biggest States A-Z
8
1-10 Letter E Words III
More Gaming Quizzes
Poképalettes - Generation I
Published
Trending Quizzes
Risky Map Clicking: Least Populous States A-Z
1-10 Letter G Words
1-10 Letter F Words
One Thing in Common: United Kingdom
Risky Map Clicking: Next State Alphabetically
Recently Updated
Leaping Animals
pecheneg
Reality TV Shows (A-Z)
bhenderson79
Rickey Henderson's Hall of Fame Teammates
pecheneg
Champions League XIs: Arsenal
pecheneg
Quick Pick: Celebrities in WWE's Hall of Fame
aduchscher
A-Z Keypad Blitz II
pecheneg
Multiple Oscar Actors
pecheneg
Mystery Phrase Blitz: Oscar 'Best Actors'
pecheneg
F. Scott Fitzgerald Novels
LTH
Pick 3 Villains
ddd62291
Trending Topics
NBA
Harry Potter
Disney
Crossword
Marvel
Kpop
Anime
NFL
The Office
Soccer
Song
Puzzle
WWE
Country
Pokémon
Your Account Isn't Verified!
In order to create a playlist on Sporcle, you need to verify the email address you used during registration. Go to your
Sporcle Settings
to finish the process.
Report this User
Report this user for behavior that violates our
Community Guidelines
.
Details:
Send Report
Go to the Sporcle.com Mobile Site →
Comments